000 00911nas a2200301 4500
001 BR0203896
003 BR-BrBNA
005 20231205103142.0
007 ta
008 230509b bl.|||p| |||| 00| 00por d
040 _aBR-BrBNA
_bpor
_cBiblioteca Nacional de Agricultura
041 _a(En)
072 _aL73; L70
100 1 _aCastro, R.S.
100 1 _aLeite, R.C.
100 1 _aAzevedo, E.O. de
100 1 _aResende, M.
100 1 _aGouveia, A.M.G.
245 1 _aSeroconversion and seroreactivity patterns of dairy goats naturally exposed to caprine arthritis-encephalitis virus in Brazil
650 _aCABRA LEITEIRA
650 _aENCEFALITE
650 _aARTRITE
650 _aELISA
650 _aVETERINÁRIA
773 0 _tCiência Rural (Brazil)
_xISSN 0103-8478
_g(Jul-Aug 2002), v. 32(4) p. 603-607
_wBR0203896
909 _a202311
_bLúcia
_c55
_dLúcia Elande
942 _2AGRIS
_n0
_cANA
999 _c171365
_d171365